| 000 | 00418 a2200157 4500 | ||
|---|---|---|---|
| 020 | _a9789698535100 | ||
| 082 | _a821.8 | ||
| 090 |
_c7097 _d7097 |
||
| 100 | _aAslam, Bazmi | ||
| 245 |
_aHumorously Yours _cAslam, Bazmi |
||
| 260 |
_aIslamabad (Pakistan) _bNUST Publishing _c2012 |
||
| 300 |
_aviii, 134 p. _b;ill. _c24 cm. |
||
| 500 | _aIncludes references and index | ||
| 650 | _aWit and Humor | ||
| 942 |
_cBK _k821.8 ASL |
||
| 999 |
_c10902 _d10902 |
||